[Event "Olympiad-24"]
[Site "Valetta"]
[Date "1980.12.06"]
[Round "14"]
[White "Karpov, Anatoly"]
[Black "Jakobsen, Ole"]
[Result "1-0"]
[WhiteElo "2725"]
[BlackElo "2410"]
[PlyCount "113"]
[EventDate "1980.11.20"]
[EventType "team-swiss"]
[EventRounds "14"]
[EventCountry "MLT"]
[SourceTitle "EXT 2000"]
[Source "ChessBase"]
[SourceDate "1999.11.16"]
[SourceVersion "1"]
[SourceVersionDate "1999.11.16"]
[SourceQuality "1"]
[WhiteTeam "Soviet Union"]
[BlackTeam "Denmark"]
[WhiteTeamCountry "URS"]
[BlackTeamCountry "DEN"]

1. d4 d5 2. c4 e6 3. Nc3 Be7 4. Nf3 Nf6 5. Bg5 O-O 6. e3 Nbd7 7. Rc1 a6 8. c5 Ne4 9. Nxe4 dxe4 10. Bxe7 Qxe7 11. Nd2 Nf6 12. Nc4 Bd7 13. Ne5 Qe8 $146 ({RR} 13... Bb5 14. Qc2 Qd8 15. Bc4 Bxc4 16. Nxc4 Qd5 17. O-O Nd7 18. Nd2 Nf6 19. Nc4 Nd7 20. c6 Qxc6 21. Na5 Qxc2 22. Rxc2 b6 23. Rxc7 bxa5 24. Rxd7 Rab8 25. b3 a4 26. bxa4 Rb4 27. Rc1 Rxa4 28. Rc2 {Rogozenco,D (2531)-Doettling,F (2473) Germany 2001 1-0 (51)}) ({RR} 13... Bc6 14. Nxc6 bxc6 15. Qa4 e5 16. Be2 exd4 17. Qxd4 Rfd8 18. Qa4 Qe5 19. Rc2 Rab8 20. O-O Rxb2 21. Rxb2 Qxb2 22. Bxa6 Rf8 23. h3 h6 24. Rd1 Nd5 25. Qxc6 Nc3 26. Rd4 Qxa2 27. Bc4 Qb1+ 28. Kh2 {Komarov,D (2537)-Doettling,F (2540) France 2002 1-0 (32)}) 14. Bc4 Bc6 15. Qc2 Bd5 16. O-O Bxc4 17. Nxc4 Qc6 18. Ne5 Qd5 19. b3 Rad8 20. Qe2 c6 21. Nc4 Ne8 22. Qc2 Qf5 23. Rcd1 h6 24. a4 Qh7 25. b4 f5 26. Qb3 Nc7 27. f3 f4 28. exf4 Rxf4 29. Nd6 exf3 30. Rxf3 Nd5 31. Rxf4 Nxf4 32. Rf1 Qd3 33. Qxd3 Nxd3 34. a5 Rd7 35. Rb1 Nf4 36. Kf2 Nd5 37. Rb3 Ne7 38. Re3 Nf5 39. Rxe6 Nxd4 40. Re8+ Kh7 41. Re4 Nb5 42. Nxb5 axb5 43. Ke3 Rd1 44. Rd4 Re1+ 45. Kf4 Kg6 46. a6 bxa6 47. Rd6+ Kh5 48. Rxc6 Rb1 49. Rxa6 Rxb4+ 50. Ke5 Rb2 51. c6 Rxg2 52. c7 Rg5+ 53. Kd4 Rg4+ 54. Kd5 Rg5+ 55. Kc6 Rg2 56. Kb7 Rc2 57. Rc6 1-0

[Event "Match/Team URS-World 21-19"]
[Site "London"]
[Date "1984.06.27"]
[Round "3.1"]
[White "Karpov, Anatoly"]
[Black "Andersson, Ulf"]
[Result "1/2-1/2"]
[WhiteElo "2700"]
[BlackElo "2630"]
[PlyCount "46"]
[EventDate "1984.06.24"]
[EventType "team"]
[EventRounds "4"]
[EventCountry "ENG"]
[SourceTitle "MCL"]
[Source "ChessBase"]
[SourceDate "1999.07.01"]
[SourceVersion "1"]
[SourceVersionDate "1999.07.01"]
[SourceQuality "1"]

1. Nf3 Nf6 2. c4 e6 3. d4 d5 4. Nc3 Be7 5. Bg5 O-O 6. e3 Nbd7 7. Rc1 c6 8. Bd3 dxc4 9. Bxc4 Nd5 10. Bxe7 Qxe7 11. O-O Rd8 12. Qc2 Nxc3 13. Qxc3 b6 14. b4 ({RR} 14. Be2 Bb7 15. Rfd1 a5 16. a3 c5 17. dxc5 Nxc5 18. Rxd8+ Qxd8 19. Rd1 Qe7 20. Qd4 h6 21. Ne5 Bd5 22. Bc4 Bxc4 23. Nxc4 Qc7 24. h3 a4 25. Qd6 Qxd6 26. Rxd6 b5 27. Ne5 Rb8 28. Rc6 Ne4 {Borovikov,V (2571)-Cifuentes Parada,R (2501) Pamplona 2003 ½-½ (48)}) 14... Bb7 15. Be2 Rdc8 $146 ({RR} 15... Rac8 16. Rfd1 h6 17. Qb2 Rb8 18. a4 c5 19. dxc5 bxc5 20. b5 Bxf3 21. Bxf3 Nb6 22. Rxd8+ Qxd8 23. Qa3 c4 24. Bc6 Qd2 25. g3 Qa5 26. Kg2 Qxa4 27. Qxa4 Nxa4 28. Rxc4 Nb6 29. Rc3 Rc8 30. e4 {Tan,Z (2510)-Gevorgyan,I (2245) Chess.com INT 2020 1-0 (56)}) ({RR} 15... Rac8 16. Rfd1 h6 17. Qb2 Rb8 18. a4 c5 19. dxc5 bxc5 20. b5 Bxf3 21. Bxf3 Nb6 22. Rxd8+ Qxd8 23. Qa3 c4 24. Bc6 Qd2 25. g3 Qa5 26. Kg2 Qxa4 27. Qxa4 Nxa4 28. Rxc4 Nb6 29. Rc3 Rc8 30. e4 {Tan,Z (2510)-Gevorgyan,I (2245) Chess.com INT 2020 1-0 (56)}) 16. Qb2 h6 17. Rfd1 Rc7 18. Rc3 Nf6 19. Rdc1 Rac8 20. h3 Nd5 21. Rb3 Ba8 22. Ne5 c5 23. bxc5 bxc5 1/2-1/2

[Event "Karpov sim"]
[Site "Turin"]
[Date "1982.05.22"]
[Round "?"]
[White "Karpov, Anatoly"]
[Black "Grinza, Andrea"]
[Result "1-0"]
[WhiteElo "2720"]
[BlackElo "2330"]
[PlyCount "105"]
[EventDate "1982.05.22"]
[EventType "simul"]
[EventRounds "1"]
[EventCountry "ITA"]
[SourceTitle "EXT 2003"]
[Source "ChessBase"]
[SourceDate "2002.11.25"]
[SourceVersion "1"]
[SourceVersionDate "2002.11.25"]
[SourceQuality "1"]

1. d4 Nf6 2. c4 e6 3. Nf3 d5 4. Nc3 Nbd7 5. Bg5 Be7 6. e3 O-O ({RR} 6... c6 7. Rc1 {½-½ (13) Cvitan,O (2515)-Damljanovic,B (2555) Vrsac 1989}) 7. Rc1 c6 8. Bd3 dxc4 9. Bxc4 Nd5 10. Bxe7 Qxe7 11. O-O Nxc3 12. Rxc3 e5 13. Bb3 Re8 ({RR} 13... a5 14. d5 cxd5 15. Qxd5 e4 16. Nd4 Nf6 17. Qg5 a4 18. Bc2 Qb4 19. Qb5 Qxb5 20. Nxb5 Bd7 21. Nd6 Bc6 22. Nf5 Rfe8 23. Rd1 g6 24. Nd4 Bd7 25. Rc7 Bg4 26. Rc1 b5 27. Nxb5 Reb8 28. Nc3 {Citak,S (2263)-Faure,S (2045) Bruges 2019 1-0 (53)}) 14. Qc2 $146 ({RR} 14. Qb1 exd4 15. exd4 Nf8 16. Re1 Be6 17. Rce3 Red8 18. Qf5 Qc7 19. Rxe6 fxe6 20. Rxe6 Kh8 21. Ng5 Rxd4 22. Nf7+ Kg8 23. Nd8 Nxe6 24. Bxe6+ {1-0 (24) Rabar,B-Bajec,I Sarajevo 1951}) ({RR} 14. dxe5 Nxe5 15. Nxe5 Qxe5 16. f4 Qf6 17. f5 a5 18. a4 b6 19. Rd3 Ra7 20. Rd6 Qe5 21. Qd4 Qxd4 22. exd4 Rd7 23. Rxc6 Rxd4 24. Rc7 Bd7 25. f6 Rd6 26. fxg7 Re7 27. Kf2 Rf6+ 28. Kg1 Rxf1+ {Lahiri,A (2391)-Murugan,K (2390) New Delhi 2001 0-1}) 14... e4 15. Nd2 Nf6 16. Rc5 Bg4 17. Re1 Nd7 18. Rc3 Rad8 19. h3 Bf5 20. Nf1 Qg5 21. Ng3 Bg6 22. a3 h5 23. Ba2 h4 24. Ne2 c5 25. Rd1 Bh5 26. Kf1 b6 27. b4 cxb4 28. axb4 Qb5 29. Rb1 Nf8 30. Bc4 Qg5 31. Nf4 Rd6 32. Ra1 Rf6 33. Nxh5 Qxh5 34. Rxa7 Qf5 35. Rc7 Ra8 36. Ba2 Qb5+ 37. Kg1 Qxb4 38. R7c6 Rxc6 39. Rxc6 Ra5 40. Kh2 Rf5 41. Rc8 Qd6+ 42. Kg1 Qb4 43. Qc1 g6 44. Bb1 Qe7 45. f3 Ra5 46. Bxe4 Qa7 47. Kh2 Qa6 48. Qc7 Kg7 49. Re8 Ra2 50. Qe5+ Kg8 51. f4 Qa3 52. Bd5 Ra1 53. Qf6 1-0